|
|
|
|
| LEADER |
00821aam a22002658a 4500 |
| 001 |
00039484 |
| 005 |
20171026081025.0 |
| 008 |
170519s ||||||Viesd |
| 041 |
0 |
# |
|a Vie
|
| 082 |
1 |
4 |
|a 372.6
|b GI108TR
|
| 110 |
1 |
# |
|a Dự án phát triển giáo viên tiểu học
|
| 245 |
0 |
0 |
|a Giáo trình phương pháp dạ tiếng Việt cho học sinh dân tộc bậc tiểu học
|
| 260 |
# |
# |
|a [KXĐ]
|
| 300 |
# |
# |
|a 135tr.
|c 27cm.
|
| 653 |
# |
# |
|a Dự án
|
| 653 |
# |
# |
|a Tiếng việt
|
| 852 |
# |
# |
|b Kho mượn
|j KM.0021659, KGT.0052739
|
| 852 |
# |
# |
|b Kho đọc
|j KD.0020611
|
| 852 |
# |
# |
|j KGT.0052739
|j KD.0020611
|
| 910 |
|
|
|d 19/05/2017
|
| 980 |
# |
# |
|a Trung tâm Học liệu Lê Vũ Hùng, Trường Đại học Đồng Tháp
|